Enhypen Songs by the English Lyrics - Statistics

General Stats
  • This quiz has been taken 2,963 times
  • The average score is 8 of 11
Answer Stats
Hint Answer % Correct
"This blood's pumpin' crazy (Oh my, oh my God)/But I know you'll save me" Bite Me
97%
"Can't control my body, dance, dance, dance" Drunk-Dazed
86%
"You stay still? you stay? you stay?" Future Perfect (Pass the Mic)
82%
"Poison in my blood veins" Sweet Venom
79%
"Wake up in day one" Given-Taken
75%
"Like hot summer (na, na, na)" Tamed-Dashed
72%
"I wanna be, wanna be, on my way I bet" Blessed-Cursed
64%
"Breaking me in two" Fever
58%
"When you call my name" Polaroid Love
57%
"Oh, take my hand" Sacrifice (Eat me Up)
56%
"I want you to hold me tight" Still Monster
54%
No matching quizzes found
Score Distribution
Percent of People with Each Score
Percentile by Number Answered
Your Score History
You have not taken this quiz